Т. 13 : Подземная переработка топлив; Труды института горючих ископаемых

Bibliografiske detaljer
Parent link:Труды института горючих ископаемых/ Академия наук СССР (АН СССР) ; под ред. А. Б. Чернышева , Н. Г. Титова. Т. 13 : Подземная переработка топлив.— , 1950-1978
Sprog:russisk
Udgivet: 1960
Fag:
Format: MixedMaterials Bog
KOHA link:https://koha.lib.tpu.ru/cgi-bin/koha/opac-detail.pl?biblionumber=367008

MARC

LEADER 00000nam2a2200000 4500
001 367008
005 20231102011935.0
035 |a (RuTPU)RU\TPU\retro\24371 
035 |a RU\TPU\retro\24370 
090 |a 367008 
100 |a 20220225d1960 k y0rusy50 ca 
101 0 |a rus 
102 |a RU 
105 |a a z 001zy 
200 0 |a Т. 13 : Подземная переработка топлив 
210 |d 1960 
215 |a 168 с.  |c ил. 
320 |a Библиография в конце статей 
461 1 |0 (RuTPU)RU\TPU\book\252879  |t Труды института горючих ископаемых  |f Академия наук СССР (АН СССР) ; под ред. А. Б. Чернышева , Н. Г. Титова  |v Т. 13 : Подземная переработка топлив  |d 1950-1978 
606 1 |a Горючие ископаемые  |x Испытание  |2 stltpush  |3 (RuTPU)RU\TPU\subj\8322  |9 35764 
606 1 |a Каменный уголь как топливо  |2 stltpush  |3 (RuTPU)RU\TPU\subj\33122  |9 55454 
610 1 |a каменный уголь 
610 1 |a изотопы углерода 
610 1 |a взаимодействия 
610 1 |a окислы 
610 1 |a стехиометрический анализ 
610 1 |a реакции 
610 1 |a газификация 
610 1 |a дутье кислородное 
610 1 |a термическая обработка 
610 1 |a подземная газификация 
610 1 |a утечка 
610 1 |a бурый уголь 
610 1 |a газогенераторы 
610 1 |a германий 
610 1 |a летучесть 
610 1 |a скорость 
675 |a 553.9  |v 3 
675 |a 662.66  |v 3 
801 1 |a RU  |b 63413507  |c 20130206 
801 2 |a RU  |b 63413507  |c 20220225  |g RCR 
942 |c BK